Najkrótsze regularne loty na świecie - Statystyki

Ogólne statystyki
  • Ten quiz został rozwiązany 35 razy
  • Średni wynik to 4 z 9
Statystyki odpowiedzi
Czas Dystans Odlot Przylot % Poprawnych
50 minut 370km Doha Dubaj
82%
30 minut 320km Kraków Poznań
76%
30 minut 160km Warszawa Lublin
73%
50 minut 350km Kuala Lumpur Singapur
73%
40 minut 220km Warszawa Bydgoszcz
52%
40 minut 300km Abu Dhabi Doha
48%
30 minut 300km Ateny Chania
18%
1 minuta 3km Westray Papa Westray
6%
8 minut 21km Gallen-Alternhein Friedrischafen
0%
Nie znaleziono quizów pasujących do podanych kryteriów
Rozkład punktacji
Procent ludzi z każdym wynikiem
Percentyl według liczby udzielonych odpowiedzi
Twoja historia wyników
Nie rozwiązałeś tego quizu